Использование виртуальных инструментов LabVIEW для исследования переходных процессов вращающихся неуравновешенных роторов; Прогрессивные технологии и экономика в машиностроении

Bibliographic Details
Parent link:Прогрессивные технологии и экономика в машиностроении.— 2002.— С. 107-108
Main Author: Зиякаев Г. Р. Григорий Ракитович
Other Authors: Пашков Е. Н. Евгений Николаевич
Language:Russian
Published: 2002
Subjects:
Format: Book Chapter
KOHA link:https://koha.lib.tpu.ru/cgi-bin/koha/opac-detail.pl?biblionumber=100072

MARC

LEADER 00000naa2a2200000 4500
001 100072
005 20240117165050.0
035 |a (RuTPU)RU\TPU\book\107651 
090 |a 100072 
100 |a 20060811d2002 k y0rusy50 ca 
101 0 |a rus 
102 |a RU 
200 1 |a Использование виртуальных инструментов LabVIEW для исследования переходных процессов вращающихся неуравновешенных роторов  |f Г. Р. Зиякаев, Е. Н. Пашков 
463 0 |0 (RuTPU)RU\TPU\book\68544  |t Прогрессивные технологии и экономика в машиностроении  |o труды региональной научно-практической конференции, Юрга, 25-26 апреля 2002 г.  |f Томский политехнический университет; Филиал ТПУ в Юрге; отв. ред. Б. Г. Долгун  |v С. 107-108  |d 2002  |p 208 с. 
610 1 |a роторы 
610 1 |a неуравновешенные роторы 
610 1 |a сигналы 
610 1 |a цифровые устройства 
610 1 |a объект-измерение 
610 1 |a аналого-цифровые преобразователи 
610 1 |a программное управление 
610 1 |a датчики 
610 1 |a измерения 
610 1 |a программно-вычислительные комплексы 
610 1 |a LabVIEW 
610 1 |a труды учёных ТПУ 
610 1 |a преобразование 
700 1 |a Зиякаев  |b Г. Р.  |c специалист в области машиностроения  |c доцент Томского политехнического университета, кандидат технических наук  |f 1975-  |g Григорий Ракитович  |3 (RuTPU)RU\TPU\pers\25576  |9 11506 
701 1 |a Пашков  |b Е. Н.  |c специалист в области машиностроения  |c доцент Томского политехнического университета, кандидат технических наук  |f 1975-  |g Евгений Николаевич  |3 (RuTPU)RU\TPU\pers\27734  |4 070  |9 12808 
801 1 |a RU  |b 63413507  |c 20060811  |g PSBO 
801 2 |a RU  |b 63413507  |c 20150909  |g RCR 
942 |c BK